000 00478nam a22001697a 4500
999 _c40676
_d40676
003 OSt
005 20200606120111.0
008 191028b ||||| |||| 00| 0 eng d
020 _a 9789382432005
040 _cMESKC library
082 _a891.43
_bVAN/S
100 _aVansi,Baldev
_979
245 _aSanton Ka Sansar/
_cDr. Baldev Vansi
260 _aKanpur:
_bAman Prakashan,
_c2013
300 _a232p
942 _2ddc
_cBK
_h891.43
_iVAN/S
_k891.43
_mVAN/S